| 000 | 01544cam a22003855a 4500 | ||
|---|---|---|---|
| 003 | EG-ScBUE | ||
| 005 | 20220515123304.0 | ||
| 008 | 100116t2006 maua f 000 0 eng d | ||
| 020 | _a0618230246 (v. 1) | ||
| 020 | _a9780618230242 (v. 1) | ||
| 020 | _a0618230254 (v. 2) | ||
| 020 | _a9780618230259 (v. 2) | ||
| 020 | _a0618230262 (v. 3) | ||
| 020 | _a9780618230266 (v. 3) | ||
| 020 | _a0618230270 (v. 4) | ||
| 020 | _a9780618230273 (v. 4) | ||
| 040 |
_aEG-ScBUE _beng _erda _cEG-ScBUE _dEG-ScBUE |
||
| 082 | 0 | 4 |
_a428.1 _bCOL _222 |
| 245 | 0 | 0 |
_aCollege vocabulary / _cJulie Howard, [and three others] |
| 264 | 1 |
_aBoston, MA : _bHeinle : _bHoughton Mifflin Company, _c[2006] |
|
| 264 | 4 | _cc2006 | |
| 300 |
_a4 volumes : _billustrations ; _c24 cm. |
||
| 336 |
_2rdacontent _atext _btxt |
||
| 337 |
_2rdamedia _aunmediated _bn |
||
| 338 |
_2rdacarrier _avolume _bnc |
||
| 490 | 0 | _aHoughton mifflin English for academic success | |
| 490 | 0 | _aEnglish for academic success | |
| 505 | 0 | _aVolume 1. Low intermediate / Julie Howard -- Volume 2. Intermediate / Chaudron Gille -- Volume 3. High intermediate / Keith S. Folse, Marcella Farina -- Volume 4. Advanced / John D. Bunting. | |
| 520 | _aHelps students develop the ability to understand and use the vocabulary in the Oral Communication, Reading, and Writing strands which come from the Academic Word List (AWL). | ||
| 650 | 7 |
_aVocabulary. _2BUEsh _97763 |
|
| 651 | _2BUEsh | ||
| 653 |
_bHHUUEENN _cJanuary2017 _cJanuary2019 |
||
| 700 | 1 |
_a Howard, Julie. _910356 |
|
| 942 |
_2ddc _cBB |
||
| 999 |
_c2591 _d2591 |
||